00983nam a22002297a 450000100060000000300080000600500170001400800410003103500190007204000350009104100080012608200250013410000280015924502270018726000680041430000370048250200740051950400340059365000480062770000370067570000410071281345BD-RjUL20230412150935.0230412s2018 bg a|||| m||| 00| 0 eng d a(BD-RjUL)81345 aBD-RjULbengcBD-RjULdBD-RjUL aeng 223a576.58bAZG 2019 aAzmiree, Humayra Nargis10aGenetic diversity analysis using morphological characters and dna markers in selected citrus species grown in Bangladesh /cBy Humayra, Nargis Azmiree ;6Supervisor : Md. Monzur Hossain, Co-Supervisor : A.K.M. Rafiul Islam aRajshahi :bDepartment of Botany, University of Rajshahi,c2018 axv, 172 leaves :bill, ;c29.cm. aThesis (Ph. D.) -- Department of Botany, University of Rajshahi, 2018 aReferences : Leaves 159 - 172 aPopulation geneticsvGenetics and evolution aHossain, Md. Monzur, Supervisor  aIslam, A.K.M. Rafiul, Co-Supervisor